Statistics for BoJack Horseman Character Picture Quiz

Click here to take the quiz!

General Stats

  • This quiz has been taken 225 times
  • The average score is 11 of 16

Answer Stats

Answer% Correct
BoJack Horseman
100%
Todd Chavez
96%
Diane Nguyen
95%
Mr. Peanutbutter
92%
Princess Carolyn
90%
Sarah Lynn
87%
Hollyhock
72%
Herb Kazzaz
68%
Judah Mannowdog
68%
Esteemed Character Actress Margo Martindale
67%
Beatrice Horseman
64%
Vincent Adultman
64%
Pickles Aplenty
54%
Pinky Penguin
43%
Ralph Stilton
42%
Tom Jumbo-Grumbo
18%

Score Distribution

Percentile by Number Answered

Percent of People with Each Score

Your Score History

You have not taken this quiz